| 000 | 01624cam a22004694i 4500 | ||
|---|---|---|---|
| 003 | PE-LiUPU | ||
| 005 | 20250731173151.0 | ||
| 008 | 150623s r 000 0 d | ||
| 020 | _a0830824073 | ||
| 035 | _a(Sirsi) i9780830824076 | ||
| 040 |
_aPE-LiUPU _bspa _cPE-LiUPU _erda |
||
| 049 | _aPRUA | ||
| 082 | 0 | 4 |
_a266 _bP46 _221 |
| 100 | 1 |
_aPeskett, Howard, _eautor. |
|
| 245 | 1 | 4 |
_aThe message of mission : _bthe glory of Christ in all time and space / _cHowar Peskett y Vinoth Ramachandra. |
| 264 | 1 |
_aUnited States of America : _bInter Varsity Press, _c2003. |
|
| 300 |
_a288 páginas ; _c21 centímetros |
||
| 336 |
_atext _2rdacontent |
||
| 337 |
_aunmediated _2rdamedia |
||
| 338 |
_avolume _2rdacarrier |
||
| 490 | 0 | _aThe Bible Speaks Today: Bible Themes Series | |
| 504 | _aIncluye bibliografía. | ||
| 505 | 0 | _aWorld horizons. The international purposes of God. Three-in-one mission. Doxology. | |
| 526 | _aSEG42 | ||
| 526 | _aSEG41 | ||
| 526 | _aSEG40 | ||
| 526 | _aSEG39 | ||
| 526 | _aP94 | ||
| 526 | _aP87 | ||
| 526 | _aP86 | ||
| 526 | _aP85 | ||
| 526 | _aP77 | ||
| 526 | _aP76 | ||
| 526 | _aP35 | ||
| 650 | 0 | 4 | _aMisión de la iglesia. |
| 942 |
_2ddc _cBOOK |
||
| 949 |
_a266 P46 _wDEWEY _c1 _i53459 _lCCODEBUL1 _mBUL _p14.00 _r0 _sY _tBOOK _u2015-6-24 _xTEOLOGIA _PP35 _0COMPRA _o.STAFF. Colección General |
||
| 994 |
_aC0 _bPEPRU |
||
| 596 | _a1 | ||
| 999 |
_a266 P46 _wDEWEY _c35432 _i53459 _f2021-11-10 _g5 _lCCODEBUL1 _mBUL _p14.00 _q1 _r0 _sY _tBOOK _u2015-6-24 _xTEOLOGIA _PP35 _0COMPRA _o.STAFF. Colección General _d35432 |
||
| 980 |
_81 _gALBERTO SANCHEZ Responsable de Automatización |
||